000 00673nam a2200217Ia 4500
003 GCL
008 140319s9999 xx 000 0 ara d
040 _aGCL /
_cGCL
082 0 4 _aم
_b503
_bم م
100 1 _aجورج زيناتى
245 1 0 _aموسوعة كشاف اصطلاحات الفنون والعلوم /
_cجورج زيناتى
700 1 _aرفيق العجم
700 1 _aمحمد على التهانوى
700 1 _aعبدالله الخالدى
300 _a2132 ص
650 0 4 _aالمعرفة
650 0 4 _aنظرية المعرفة
650 0 4 _aتصنيف المعرفة
650 0 4 _aالمعرفة - موسوعات
942 _2ddc
_cREF
999 _c59680
_d59680